| 000 | 00796nam a2200253Ia 4500 | ||
|---|---|---|---|
| 003 | OSt | ||
| 005 | 20220927105357.0 | ||
| 006 | a|||||r|||| 00| 0 | ||
| 007 | ta | ||
| 008 | 220926b |||||||| |||| 00| 0 eng d | ||
| 020 | _a978082236727 | ||
| 024 | _a187027 | ||
| 037 | _cReference Collections | ||
| 040 |
_aRTL _cRTL _beng |
||
| 041 |
_2eng _aeng |
||
| 082 | _a"X:77, P9" | ||
| 100 |
_aBoianovsky Mauro _9372060 |
||
| 245 | 0 |
_aRobert Solow and the development of growth economics _b Annual supplement to volume 41 History of Political Economy. |
|
| 260 |
_aDurham _bDuke University Press _c2009 |
||
| 300 |
_a"vi, 384p" _ccm. |
||
| 700 |
_a Hoover Kevin D _9372061 |
||
| 942 |
_h"X:77, P9" _cCC |
||
| 999 |
_c692198 _d692198 |
||